Neonatal blood stream infection, early and late onset in Special Care Nursery (SCN) University Malaya Medical Centre, Kuala Lumpur (1st January 2005 - 30th September 2009) /
Saved in:
| Main Author: | |
|---|---|
| Format: | Thesis Book |
| Language: | English |
| Published: |
2010.
|
| Subjects: | |
| Tags: |
Add Tag
No Tags, Be the first to tag this record!
|
| LEADER | 01128cam a2200265 a 4500 | ||
|---|---|---|---|
| 001 | u794656 | ||
| 003 | SIRSI | ||
| 005 | 201007160935 | ||
| 008 | 100716s2010 my t 000 0 eng m | ||
| 040 | |a UMP | ||
| 043 | |a a-my-wp | ||
| 096 | |a WS200 |b UM 2010 Mohzrmp | ||
| 100 | 0 | |a Mohd Zaqrul Razmal Mohd Podzi. | |
| 245 | 1 | 0 | |a Neonatal blood stream infection, early and late onset in Special Care Nursery (SCN) University Malaya Medical Centre, Kuala Lumpur (1st January 2005 - 30th September 2009) / |c Mohd Zaqrul Razmal Mohd Podzi. |
| 260 | |c 2010. | ||
| 300 | |a xiv, 82 leaves, : |b ill. ; |c 30cm. | ||
| 502 | |a Dissertation (M.Paed) -- Department of Paediatrics, Faculty of Medicine, University of Malaya, 2010. | ||
| 504 | |a Bibliography: leaves 65-74. | ||
| 650 | 1 | 2 | |a Infection |z Kuala Lumpur (W.P.). |
| 650 | 2 | 2 | |a Infant, Newborn, Diseases |z Kuala Lumpur (W.P.). |
| 650 | 2 | 2 | |a Intensive Care Units, Neonatal |z Kuala Lumpur (W.P.). |
| 710 | 2 | |a Universiti Malaya. |b Jabatan Pediatrik. | |
| 900 | |a RAH | ||
| 596 | |a 2 | ||
| 999 | |a WS200 UM 2010 MOHZRMP |w NLM |c 1 |i A514328090 |d 17/8/2010 |f 17/8/2010 |g 1 |l TESIS |m P02MEDKL |r Y |s Y |t TESIS |u 17/8/2010 | ||
